000 00400pab a2200145 454500
008 180718b1983 xxu||||| |||| 00| 0 eng d
100 _aThomas, A.M.
245 _aRole of KVI (Khadi and Village Industries) in Gandhian concept of rural development
260 _c1983
300 _a85-96
362 _aNov.
650 _aIndustry, Small Scale - India
773 _aKhadi Gramodyog
909 _a10746
999 _c10746
_d10746